| 000 | 00667nas a2200253 4500 | ||
|---|---|---|---|
| 001 | BR9604182 | ||
| 003 | BR-BrBNA | ||
| 005 | 20231205094845.0 | ||
| 007 | ta | ||
| 008 | 230509b bl.|||p| |||| 00| 00por d | ||
| 040 |
_aBR-BrBNA _bpor _cBiblioteca Nacional de Agricultura |
||
| 041 | _a(Pt) | ||
| 072 | _aF04 | ||
| 100 | 1 | _aRego, P.G. | |
| 100 | 1 | _aRatsman, T. | |
| 245 | 1 | _aAs vantagens economicas do esterco | |
| 650 | _aSUÍNO | ||
| 650 | _aAve Domestica | ||
| 650 | _aBovino | ||
| 650 | _aEsterco | ||
| 773 | 0 |
_tRevista Batavo (Brazil) _x _g(Feb 1994), v. 3(28) p. 19-23 _wBR9604182 |
|
| 909 |
_a202311 _bLúcia _c55 _dLúcia Elande |
||
| 942 |
_2AGRIS _n0 _cANA |
||
| 999 |
_c147366 _d147366 |
||